[Event "Aeroflot Open A 2017"]
[Site "Moscow RUS"]
[Date "2017.02.26"]
[Round "6.39"]
[White "Sandipan, Chanda"]
[Black "Abdusattorov, Nodirbek"]
[Result "1/2-1/2"]
[WhiteTitle "GM"]
[BlackTitle "FM"]
[WhiteElo "2573"]
[BlackElo "2429"]
[WhiteFideId "5004225"]
[BlackFideId "14204118"]
[EventDate "2017.02.21"]

1. d4 Nf6 2. c4 e6 3. Nc3 Bb4 4. e3 O-O 5. Bd2 d5 6. Nf3 Nbd7 7. Rc1 c6 8. Bd3
Bd6 9. O-O dxc4 10. Bxc4 e5 11. Qc2 Qe7 12. h3 b5 13. Bd3 Bb7 14. Ng5 h6 15.
Nge4 a6 16. f4 exd4 17. exd4 c5 18. Ng3 Qd8 19. Nce4 Be7 20. dxc5 Nxc5 21. Nxf6+
Bxf6 22. Bh7+ Kh8 23. Rfd1 Qd4+ 24. Kh2 Qxb2 25. Be3 Na4 26. Be4 Bxe4 27. Nxe4
Rfe8 28. Qc6 Rad8 29. Nd6 Rxe3 30. Nxf7+ Kh7 31. Nxd8 Nc3 32. Rd7 Ne4 33. Ne6
Qf2 34. Nf8+ Kh8 35. Ng6+ Kh7 36. Nf8+ 1/2-1/2

[Event "Aeroflot Open A 2017"]
[Site "Moscow RUS"]
[Date "2017.02.26"]
[Round "6.41"]
[White "Vakhidov, Jahongir"]
[Black "Pavlovic, Milos"]
[Result "1/2-1/2"]
[WhiteTitle "GM"]
[BlackTitle "GM"]
[WhiteElo "2561"]
[BlackElo "2512"]
[WhiteFideId "14201801"]
[BlackFideId "900389"]
[EventDate "2017.02.21"]

1. Nf3 d5 2. g3 Nf6 3. Bg2 c6 4. O-O Bg4 5. h3 Bxf3 6. exf3 e6 7. f4 Bd6 8. Re1
O-O 9. d3 Nbd7 10. Nd2 Re8 11. Nf3 e5 12. fxe5 Nxe5 13. Nh4 Qd7 14. Be3 Re7 15.
g4 Ng6 16. Nf5 Re5 17. Qf3 Bc7 18. Bd4 Rxf5 19. Qxf5 Qd6 20. f4 Nd7 21. Be5
Ndxe5 22. fxe5 Nxe5 23. Qf4 Qc5+ 24. Kh1 Qb6 25. Qe3 Qb4 26. c3 Qf8 27. Qf4 Rc8
28. Qf5 g6 29. Qf6 Nxd3 30. Rf1 Re8 31. Rad1 Re3 32. Rd2 Ne5 33. Rdf2 Qe8 34.
Qf4 Bb6 35. a4 a6 36. Qb4 Qd8 37. a5 Bxa5 38. Qxb7 Bc7 39. Qa7 Bb6 40. Qxa6 Rg3
41. Rf6 Qb8 42. R6f4 Be3 43. Rb4 Qd8 44. Qb7 Kg7 45. Qb8 Qxb8 46. Rxb8 g5 47.
Re8 f6 48. Re7+ Kg6 49. Rf5 Bf4 50. Re6 Re3 51. Rfxf6+ Kg7 52. Bf1 Rf3 53. Kg2
Rg3+ 54. Kf2 Rf3+ 55. Ke2 Re3+ 56. Kd1 c5 57. Bb5 c4 58. Kc2 Re1 59. b3 Rc1+ 60.
Kb2 Nd3+ 61. Ka2 Rc2+ 62. Kb1 Rb2+ 63. Ka1 Rxb3 64. Rf5 Rxb5 65. Re7+ Kg8 1/2-1/2

[Event "Aeroflot Open A 2017"]
[Site "Moscow RUS"]
[Date "2017.02.26"]
[Round "6.42"]
[White "Morovic Fernandez, Ivan"]
[Black "Golubov, Saveliy"]
[Result "1/2-1/2"]
[WhiteTitle "GM"]
[BlackTitle "IM"]
[WhiteElo "2550"]
[BlackElo "2492"]
[WhiteFideId "3405400"]
[BlackFideId "24176729"]
[EventDate "2017.02.21"]

1. d4 d5 2. Nf3 Nc6 3. c4 Bg4 4. Nc3 Bxf3 5. exf3 e6 6. cxd5 exd5 7. Bb5 Be7 8.
O-O Bf6 9. b3 Ne7 10. Ba3 O-O 11. Bxc6 bxc6 12. Rc1 Re8 13. Na4 Nf5 14. Bb2 Qd6
15. Qd3 g6 16. Nc5 Re7 17. Bc3 Rae8 18. Nb7 Qa3 19. Rc2 Rb8 20. Nc5 a5 21. g3
Nd6 22. Na6 Rbe8 23. Bb2 Qxa2 24. Bc1 Qa1 25. Bb2 Qa2 26. Bc1 Qa1 27. Bb2 Qa2 1/2-1/2

[Event "Aeroflot Open A 2017"]
[Site "Moscow RUS"]
[Date "2017.02.26"]
[Round "6.43"]
[White "Xu, Yi"]
[Black "Schroeder, Jan-Christian"]
[Result "1/2-1/2"]
[WhiteTitle "IM"]
[BlackTitle "GM"]
[WhiteElo "2444"]
[BlackElo "2543"]
[WhiteFideId "8605564"]
[BlackFideId "24662259"]
[EventDate "2017.02.21"]

1. e4 e5 2. Nf3 Nc6 3. Bc4 Bc5 4. O-O Nf6 5. d3 O-O 6. a4 d6 7. c3 a6 8. Re1 Ba7
9. h3 Ne7 10. d4 Ng6 11. Bf1 Re8 12. dxe5 Nxe5 13. Nbd2 Bd7 14. Nxe5 Rxe5 15.
Bd3 Bc6 16. Nc4 Re6 17. e5 dxe5 18. Nxe5 Be4 19. Bxe4 Qxd1 20. Rxd1 Bxf2+ 21.
Kxf2 Nxe4+ 22. Kf3 Rxe5 23. Bf4 Re7 24. Rd4 Nc5 25. Rad1 Ne6 26. Rd7 Kf8 27.
R7d5 Nxf4 28. Kxf4 Rae8 29. Rd7 Re4+ 30. Kf3 Re3+ 31. Kf2 Re2+ 32. Kf1 R2e7 33.
a5 f6 34. b4 Kf7 35. Kf2 Ke6 36. R7d5 c6 37. Rd6+ Kf5 38. R1d2 h5 39. Rd7 g5 40.
c4 g4 41. hxg4+ hxg4 42. b5 Re3 43. Rg7 R3e4 44. Kg3 Rf4 45. b6 Re3+ 46. Kh2
Rxc4 47. g3 Rcc3 48. Rf2+ Rf3 49. Kg2 Rxf2+ 50. Kxf2 Rc2+ 51. Kf1 Rc1+ 52. Kf2
Rc2+ 53. Kf1 Ra2 54. Rxb7 Ke4 55. Rf7 f5 56. Rf6 Ra1+ 57. Kf2 Ra2+ 58. Kf1 Rxa5
59. Rxc6 Ra1+ 60. Kf2 Ra2+ 61. Kf1 Rb2 62. b7 Rxb7 63. Rxa6 Rb1+ 64. Kf2 Rb2+
65. Kf1 Rd2 66. Ra4+ Kf3 67. Ra3+ Ke4 68. Ra4+ Rd4 69. Ra5 Rd2 70. Ra4+ Ke3 71.
Rf4 Rd5 72. Kg2 Re5 73. Kg1 Ke2 74. Kg2 Ke3 75. Kg1 Ke2 76. Kg2 Ke3 1/2-1/2

[Event "Aeroflot Open A 2017"]
[Site "Moscow RUS"]
[Date "2017.02.26"]
[Round "6.44"]
[White "Swapnil, S. Dhopade"]
[Black "Tran, Tuan Minh"]
[Result "1/2-1/2"]
[WhiteTitle "GM"]
[BlackTitle "IM"]
[WhiteElo "2534"]
[BlackElo "2491"]
[WhiteFideId "5019184"]
[BlackFideId "12401820"]
[EventDate "2017.02.21"]

1. d4 e6 2. c4 Nf6 3. Nf3 b6 4. g3 Bb7 5. Bg2 Be7 6. O-O O-O 7. Nc3 Ne4 8. Bd2
Bf6 9. Rc1 d6 10. d5 Nxc3 11. Bxc3 Bxc3 12. Rxc3 e5 13. Nd2 a5 14. f4 exf4 15.
gxf4 Nd7 16. e4 f5 17. Bh3 Qf6 18. Bxf5 Nc5 19. Nb3 Bc8 20. Bxc8 Raxc8 21. Nxc5
bxc5 22. Qe2 Rb8 23. Rf2 Qd4 24. Kg2 Rb4 25. Rff3 a4 26. Rfd3 Qf6 27. Rf3 Re8
28. Kh1 Qd4 29. Rfe3 Rf8 30. Red3 Qf6 31. Rf3 Qd4 32. Kg2 Rbb8 33. Rfd3 Qf6 34.
Rf3 Qd4 35. Rf2 Rb4 36. Qc2 Rf6 37. b3 axb3 38. axb3 Rb8 39. Qd3 Re8 40. Qxd4
cxd4 41. Rcf3 Rxe4 42. f5 Rf8 43. Rf4 Rxf4 44. Rxf4 Rb8 45. Rf3 Kf7 46. Kg3 Kf6
47. Kf4 Re8 48. Rd3 Re2 49. h4 Rf2+ 50. Kg3 Rb2 51. Kf4 Rf2+ 52. Kg3 Rf1 53.
Rxd4 Kxf5 54. Rd2 Rg1+ 55. Kh3 Rh1+ 56. Kg3 Rg1+ 57. Kh3 Rh1+ 58. Kg3 1/2-1/2

[Event "Aeroflot Open A 2017"]
[Site "Moscow RUS"]
[Date "2017.02.26"]
[Round "6.46"]
[White "Kotronias, Vasilios"]
[Black "Puranik, Abhimanyu"]
[Result "0-1"]
[WhiteTitle "GM"]
[BlackTitle "IM"]
[WhiteElo "2524"]
[BlackElo "2481"]
[WhiteFideId "5900212"]
[BlackFideId "5061245"]
[EventDate "2017.02.21"]

1. e4 e6 2. d4 d5 3. Nd2 Be7 4. Bd3 c5 5. dxc5 Nf6 6. Qe2 O-O 7. Ngf3 a5 8. O-O
Na6 9. e5 Nd7 10. c4 Naxc5 11. Bc2 b6 12. Nd4 Bb7 13. cxd5 Bxd5 14. Nb1 Qc7 15.
Re1 Rfd8 16. Nc3 Nf8 17. Nxd5 Rxd5 18. Nb5 Qc6 19. Nc3 Rd7 20. Qc4 Rc8 21. Be3
Ng6 22. f4 Nh4 23. Re2 Nf5 24. Bf2 Qb7 25. Be4 Nxe4 26. Qxe4 Qa6 27. Qa4 Rcd8
28. Qb5 Rd1+ 29. Rxd1 Rxd1+ 30. Re1 Qxb5 31. Nxb5 Rd2 32. g4 Nh4 33. Rc1 Bc5 34.
Bxc5 Nf3+ 35. Kf1 Nxh2+ 36. Kg1 bxc5 37. Rxc5 g5 38. fxg5 Rxb2 39. a4 Nf3+ 40.
Kf1 Ra2 41. Nc3 Rc2 42. Ne4 Rxc5 43. Nxc5 Nxe5 44. Ke2 Kg7 45. Ke3 Nc4+ 46. Kf4
Kg6 47. Nd7 e5+ 48. Ke4 Kxg5 49. Kd3 Nb2+ 50. Kc2 Nxa4 51. Nxe5 Nb6 0-1

[Event "Aeroflot Open A 2017"]
[Site "Moscow RUS"]
[Date "2017.02.26"]
[Round "6.49"]
[White "Gusain, Himal"]
[Black "Sarana, Alexey"]
[Result "1/2-1/2"]
[BlackTitle "IM"]
[WhiteElo "2438"]
[BlackElo "2468"]
[WhiteFideId "5033861"]
[BlackFideId "24133795"]
[EventDate "2017.02.21"]

1. e4 c5 2. Nf3 d6 3. Bb5+ Nd7 4. O-O Nf6 5. Re1 a6 6. Bd3 e6 7. c3 Be7 8. Bc2
b5 9. d4 Bb7 10. Nbd2 cxd4 11. cxd4 O-O 12. Qe2 Qb6 13. a4 Rfc8 14. a5 Qd8 15.
Nb3 Nf8 16. Bd3 Ng6 17. g3 Rc7 18. Bd2 Rac8 19. Rec1 Rxc1+ 20. Bxc1 Bf8 21. Ne1
Ne7 22. f3 g6 23. Bg5 Bg7 24. Qd2 Nc6 25. Nc2 Qf8 26. Qe2 Nd7 27. Bd2 Bf6 28. f4
Qd8 29. Rf1 Bg7 30. Bc3 Ne7 31. Nb4 Nc6 32. Nxc6 Bxc6 33. Bb4 Nf6 34. g4 Bf8 35.
Be1 Nd7 36. f5 exf5 37. gxf5 Bg7 38. Bg3 Qe7 39. d5 Bb7 40. Qf2 Be5 41. Bh4 Bf6
42. Bg3 Be5 43. Bh4 Bf6 44. Bg3 Kg7 45. fxg6 hxg6 46. Nd4 Ne5 47. Be2 Rh8 48.
Qg2 Qd8 49. Nf3 Qe7 50. Nd4 Qd8 51. Nf3 Re8 52. Nxe5 Bxe5 53. Qf3 Qc7 54. b4
Bxg3 55. hxg3 Qe7 56. Qc3+ Qe5 57. Qxe5+ Rxe5 58. Bf3 f5 59. exf5 Rxf5 60. Bg4
Rg5 61. Be6 Bxd5 62. Rf7+ Kh6 63. Bxd5 Rxd5 64. Ra7 Rd4 65. Rxa6 Rxb4 66. Rxd6
Ra4 1/2-1/2

[Event "Aeroflot Open A 2017"]
[Site "Moscow RUS"]
[Date "2017.02.27"]
[Round "7.1"]
[White "Khismatullin, Denis"]
[Black "Fedoseev, Vladimir3"]
[Result "1/2-1/2"]
[WhiteTitle "GM"]
[BlackTitle "GM"]
[WhiteElo "2639"]
[BlackElo "2658"]
[WhiteFideId "4142578"]
[BlackFideId "24130737"]
[EventDate "2017.02.21"]

1. c4 c6 2. Nf3 d5 3. g3 dxc4 4. Bg2 h6 5. O-O Nd7 6. Na3 Nb6 7. Ne5 Qd4 8.
Nexc4 Nxc4 9. Qa4 Qd7 10. Qxc4 Nf6 11. d4 e6 12. Rd1 Bxa3 13. bxa3 O-O 14. Bb2
Nd5 15. Rac1 f5 16. a4 a5 17. e3 Qd8 18. Ba3 Rf7 19. Qb3 h5 20. Re1 Nf6 21. Bc5
h4 22. Bb6 Qe7 23. Bc5 Qc7 24. Bb6 Qe7 25. Rc5 Ne4 26. Re5 Qb4 27. Bxa5 Qxb3 28.
axb3 b5 29. b4 bxa4 30. Ra1 Bd7 31. gxh4 Nd2 32. Ra2 Nb3 33. Rxa4 f4 34. Ra3 Nd2
35. Ra2 Nc4 36. Rc5 Nd6 37. Bxc6 Bxc6 38. Rxc6 Nf5 39. Rxe6 Rc8 40. Kg2 Rc3 41.
b5 Rb3 42. Bd2 Nxh4+ 43. Kh3 Nf3 44. Re8+ Kh7 45. d5 Rd3 46. Bc1 Rd1 47. Bb2 Rg1
48. e4 Rb7 49. Raa8 Kg6 50. Rh8 Ng5+ 51. Kh4 Nf3+ 52. Kh3 Ng5+ 53. Kh4 1/2-1/2

[Event "Aeroflot Open A 2017"]
[Site "Moscow RUS"]
[Date "2017.02.27"]
[Round "7.3"]
[White "Inarkiev, Ernesto"]
[Black "Smirin, Ilia"]
[Result "1-0"]
[WhiteTitle "GM"]
[BlackTitle "GM"]
[WhiteElo "2723"]
[BlackElo "2670"]
[WhiteFideId "4162722"]
[BlackFideId "2801990"]
[EventDate "2017.02.21"]

1. d4 Nf6 2. c4 g6 3. Nc3 Bg7 4. e4 d6 5. Nf3 O-O 6. Be2 e5 7. Be3 Ng4 8. Bg5 f6
9. Bh4 g5 10. Bg3 Nh6 11. h3 exd4 12. Nxd4 Nc6 13. h4 Nxd4 14. Qxd4 f5 15. Qd5+
Kh8 16. hxg5 Qxg5 17. c5 Bd7 18. Rh5 Qg6 19. cxd6 Bc6 20. Qd2 fxe4 21. dxc7 e3
22. Qxe3 Rae8 23. Qg5 Qxg5 24. Rxg5 Nf5 25. Rxf5 Rxf5 26. O-O-O Rff8 27. Bh5 Ra8
28. Nd5 Rf5 29. Bf3 Be5 30. Bg4 Rg5 31. Bxe5+ Rxe5 32. Nf6 Rc5+ 33. Kb1 Kg7 34.
Rc1 Rxc1+ 35. Kxc1 Kxf6 36. g3 Ke5 37. a3 a5 38. Kd2 Kd4 39. c8=Q Rxc8 40. Bxc8
h6 41. Be6 Ke5 42. Bh3 Kd4 43. f4 b6 44. Be6 Be8 45. Ke2 Bc6 46. Kf2 Bb7 47. g4
Kc5 48. Ke3 Kd6 49. Bf5 Ke7 50. g5 hxg5 51. fxg5 Bd5 52. Kd4 Kd6 1-0

[Event "Aeroflot Open A 2017"]
[Site "Moscow RUS"]
[Date "2017.02.27"]
[Round "7.4"]
[White "Berkes, Ferenc"]
[Black "Yu, Yangyi"]
[Result "1/2-1/2"]
[WhiteTitle "GM"]
[BlackTitle "GM"]
[WhiteElo "2648"]
[BlackElo "2738"]
[WhiteFideId "718572"]
[BlackFideId "8603820"]
[EventDate "2017.02.21"]

1. d4 Nf6 2. Nf3 d5 3. Bf4 g6 4. e3 Bg7 5. Be2 O-O 6. O-O c5 7. c3 Nc6 8. Ne5
Qb6 9. Qb3 Nxe5 10. Bxe5 Nd7 11. Bxg7 Kxg7 12. Nd2 Nf6 13. Qa3 cxd4 14. cxd4 Bd7
15. Rac1 Rfc8 16. Nf3 Bg4 17. h3 1/2-1/2

[Event "Aeroflot Open A 2017"]
[Site "Moscow RUS"]
[Date "2017.02.27"]
[Round "7.5"]
[White "Kuzubov, Yuriy"]
[Black "Jobava, Baadur"]
[Result "0-1"]
[WhiteTitle "GM"]
[BlackTitle "GM"]
[WhiteElo "2643"]
[BlackElo "2701"]
[WhiteFideId "14112906"]
[BlackFideId "13601520"]
[EventDate "2017.02.21"]

1. e4 c6 2. Nf3 d5 3. Nc3 Bg4 4. h3 Bxf3 5. Qxf3 e6 6. d3 Nd7 7. Bd2 g6 8. h4 h5
9. g3 Bh6 10. Bxh6 Nxh6 11. Bh3 d4 12. Ne2 Ne5 13. Qf4 Qa5+ 14. Kf1 O-O-O 15.
Kg2 Neg4 16. Qg5 Qb4 17. Rab1 f6 18. Qc1 Qd6 19. c3 e5 20. cxd4 exd4 21. b4 Kb8
22. Qc5 Rhe8 23. Qxd6+ Rxd6 24. Rb2 Ne5 25. Nc1 g5 26. hxg5 fxg5 27. Bf5 h4 28.
gxh4 Rf8 29. h5 Nxf5 30. exf5 Rxf5 31. Re2 Rh6 32. Nb3 Nxd3 33. Nxd4 Nf4+ 34.
Kf1 Rd5 35. Re4 Nxh5 36. Ke1 Nf6 37. Rxh6 Nxe4 38. Ne6 a5 39. f3 Nc3 40. a3 a4
41. Rh8+ Ka7 42. Nc5 Nb5 43. Rh7 Nxa3 44. Rxb7+ Ka8 45. Rb6 Nc2+ 46. Ke2 a3 47.
Nb3 Rb5 48. Rxc6 Rxb4 49. Ra6+ Kb8 50. Nc1 Kb7 51. Ra5 Nd4+ 52. Kd1 Nb5 53. Nd3
Kb6 54. Nxb4 Kxa5 55. Nc2 a2 56. Kc1 Nd4 57. Na1 Nxf3 58. Nb3+ Kb4 59. Kb2 a1=Q+
60. Nxa1 Nd4 0-1

[Event "Aeroflot Open A 2017"]
[Site "Moscow RUS"]
[Date "2017.02.27"]
[Round "7.7"]
[White "Mamedov, Rauf"]
[Black "Iturrizaga Bonelli, Eduardo"]
[Result "1/2-1/2"]
[WhiteTitle "GM"]
[BlackTitle "GM"]
[WhiteElo "2688"]
[BlackElo "2652"]
[WhiteFideId "13401653"]
[BlackFideId "3901211"]
[EventDate "2017.02.21"]

1. e4 c6 2. d4 d5 3. e5 Bf5 4. Nf3 e6 5. Be2 Nd7 6. O-O Bb4 7. c3 Ba5 8. Nbd2 h6
9. Re1 Ne7 10. Nf1 O-O 11. Ng3 Bh7 12. Qd2 Qe8 13. b3 f6 14. exf6 Rxf6 15. Bd3
Bxd3 16. Qxd3 Bc7 17. Qe2 Kh8 18. c4 a6 19. Bd2 Qf7 20. Rac1 Ng6 21. Nh5 Rf5 22.
Ng3 Rf6 23. Nh5 Rf5 24. Ng3 1/2-1/2

[Event "Aeroflot Open A 2017"]
[Site "Moscow RUS"]
[Date "2017.02.27"]
[Round "7.10"]
[White "Kovalev, Vladislav"]
[Black "Cordova, Emilio"]
[Result "1/2-1/2"]
[WhiteTitle "GM"]
[BlackTitle "GM"]
[WhiteElo "2598"]
[BlackElo "2655"]
[WhiteFideId "13504398"]
[BlackFideId "3801497"]
[EventDate "2017.02.21"]

1. e4 e6 2. d4 d5 3. Nd2 dxe4 4. Nxe4 Nd7 5. Nf3 Ngf6 6. Nxf6+ Nxf6 7. c3 Be7 8.
Bd3 O-O 9. Bg5 b6 10. Qc2 h6 11. Bxf6 Bxf6 12. Bh7+ Kh8 13. Be4 Rb8 14. O-O-O
Bb7 15. Rhe1 Bd5 1/2-1/2

[Event "Aeroflot Open A 2017"]
[Site "Moscow RUS"]
[Date "2017.02.27"]
[Round "7.12"]
[White "Movsesian, Sergei"]
[Black "Oparin, Grigoriy"]
[Result "1/2-1/2"]
[WhiteTitle "GM"]
[BlackTitle "GM"]
[WhiteElo "2679"]
[BlackElo "2625"]
[WhiteFideId "310204"]
[BlackFideId "24125890"]
[EventDate "2017.02.21"]

1. Nf3 d5 2. g3 Nd7 3. Bg2 e5 4. O-O Ngf6 5. d4 exd4 6. Nxd4 Nb6 7. a4 a5 8. Nc3
Bb4 9. Na2 Be7 10. Nc3 O-O 11. e4 dxe4 12. Nxe4 c6 13. c3 Re8 14. Ng5 Bg4 15.
Qb3 Nfd5 16. h3 Bh5 17. Ne4 Bg6 18. Re1 h6 19. Bd2 Bf8 20. g4 Qc7 21. Re2 Nd7
22. Rae1 Rad8 23. Nf5 Bxf5 24. gxf5 Nc5 25. Nxc5 Rxe2 26. Rxe2 Bxc5 27. Qc4 Bb6
28. Qh4 Nf6 29. Qf4 Qd7 30. Qf3 Qd6 31. Kf1 Bc7 32. Ke1 Nd7 33. Kf1 Qf6 34. Qg4
Nc5 35. Bf3 Nd3 36. Be3 Ne5 37. Qe4 Rd1+ 38. Re1 Rxe1+ 39. Kxe1 g6 40. Bg4 Nxg4
41. hxg4 gxf5 42. gxf5 Be5 43. Kf1 Qd6 44. Bb6 Bf6 45. Kg2 Qd2 46. Be3 Qxb2 47.
Qg4+ Kh7 48. Qh5 Kg8 49. Qg4+ Kh7 1/2-1/2

[Event "Aeroflot Open A 2017"]
[Site "Moscow RUS"]
[Date "2017.02.27"]
[Round "7.13"]
[White "Sjugirov, Sanan"]
[Black "Goganov, Aleksey"]
[Result "1/2-1/2"]
[WhiteTitle "GM"]
[BlackTitle "GM"]
[WhiteElo "2673"]
[BlackElo "2632"]
[WhiteFideId "4189302"]
[BlackFideId "24109959"]
[EventDate "2017.02.21"]

1. e4 e6 2. d4 d5 3. Nd2 c5 4. Ngf3 cxd4 5. exd5 Qxd5 6. Bc4 Qd6 7. O-O Nf6 8.
Nb3 Nc6 9. Nbxd4 Nxd4 10. Nxd4 a6 11. Re1 Qc7 12. Qe2 Bd6 13. Bg5 O-O 14. Bxf6
gxf6 15. Bd3 f5 16. Qh5 Be5 17. c3 Kh8 18. Re3 Rg8 19. Rae1 Bxd4 20. cxd4 Bd7
21. d5 Qd6 22. Qh4 Qxd5 23. Qf6+ Rg7 24. Rg3 Rg8 25. Ree3 f4 26. Qxf4 f5 27. Qh4
Rg6 28. Qb4 h6 29. Bf1 Bb5 30. Rxg6 Rxg6 31. Qf8+ Kh7 32. Qf7+ Rg7 33. Qxe6 Bc4
34. Qxd5 Bxd5 35. f3 f4 36. Re8 Rc7 37. Rf8 Bf7 38. a3 Kg7 39. Rd8 Rc1 40. Rd7
b5 41. g3 Kf6 42. Rd2 Bc4 43. Rf2 Rb1 44. b4 Ke5 1/2-1/2

[Event "Aeroflot Open A 2017"]
[Site "Moscow RUS"]
[Date "2017.02.27"]
[Round "7.14"]
[White "Vidit, Santosh Gujrathi"]
[Black "Tari, Aryan"]
[Result "1/2-1/2"]
[WhiteTitle "GM"]
[BlackTitle "GM"]
[WhiteElo "2673"]
[BlackElo "2596"]
[WhiteFideId "5029465"]
[BlackFideId "1510045"]
[EventDate "2017.02.21"]

1. e4 c6 2. d4 d5 3. e5 Bf5 4. Nf3 e6 5. Be2 Ne7 6. O-O c5 7. c4 Nbc6 8. dxc5 d4
9. Qb3 Qc8 10. Rd1 Ng6 11. Nxd4 Nxd4 12. Rxd4 Bxc5 13. Rd1 O-O 14. Nc3 Qc6 15.
Bf3 Qc7 16. Na4 Nxe5 17. Nxc5 Nxf3+ 18. Qxf3 Qxc5 19. b3 Rfd8 20. Be3 Qc7 21. h4
h6 22. Bf4 Qe7 23. Qg3 Kh7 24. Bd6 Qf6 25. Be5 Qg6 26. Qxg6+ Kxg6 27. Bc7 Rxd1+
28. Rxd1 Be4 29. f3 1/2-1/2

[Event "Aeroflot Open A 2017"]
[Site "Moscow RUS"]
[Date "2017.02.27"]
[Round "7.16"]
[White "Motylev, Alexander"]
[Black "Bosiocic, Marin"]
[Result "1/2-1/2"]
[WhiteTitle "GM"]
[BlackTitle "GM"]
[WhiteElo "2663"]
[BlackElo "2602"]
[WhiteFideId "4121830"]
[BlackFideId "14507927"]
[EventDate "2017.02.21"]

1. e4 c5 2. Nf3 e6 3. d4 cxd4 4. Nxd4 Nc6 5. Nc3 Qc7 6. Be3 a6 7. Qf3 Bd6 8.
O-O-O Be5 9. g3 Nge7 10. Qe2 b5 11. f4 Bxd4 12. Bxd4 Nxd4 13. Rxd4 Rb8 14. Qd2
b4 15. Na4 a5 16. Rc4 Qa7 17. Qd4 Qxd4 18. Rxd4 Nc6 19. Rd2 Ke7 20. e5 Rd8 21.
Bg2 Na7 22. Rhd1 Nb5 23. Bc6 d5 1/2-1/2

[Event "Aeroflot Open A 2017"]
[Site "Moscow RUS"]
[Date "2017.02.27"]
[Round "7.17"]
[White "Gupta, Abhijeet"]
[Black "Bok, Benjamin"]
[Result "1/2-1/2"]
[WhiteTitle "GM"]
[BlackTitle "GM"]
[WhiteElo "2645"]
[BlackElo "2596"]
[WhiteFideId "5010608"]
[BlackFideId "1017063"]
[EventDate "2017.02.21"]

1. d4 Nf6 2. c4 g6 3. Nc3 d5 4. Nf3 Bg7 5. cxd5 Nxd5 6. e4 Nxc3 7. bxc3 c5 8.
Be3 Bg4 9. Rc1 O-O 10. Be2 Qa5 11. O-O Qxa2 12. Ra1 Qb2 13. Qd3 Qb6 14. Rab1 Qc7
15. Qc4 b6 16. h3 Bc8 17. Qa4 Bb7 18. dxc5 bxc5 19. Rfd1 Bc6 20. Bb5 a6 21. Bxc6
Qxc6 22. Qxc6 Nxc6 23. Rd5 Rfc8 24. Rxc5 a5 25. Rb6 Nd8 26. Rxc8 Rxc8 27. Nd4
Ra8 28. Nb5 Ne6 29. f4 a4 30. Bc1 Nc5 31. e5 Nd3 32. Nc7 Rc8 33. Nd5 Bf8 34. Be3
a3 35. Ra6 e6 36. Nb6 Rxc3 37. Ra8 Kg7 38. Nd7 a2 39. Nxf8 a1=Q+ 40. Rxa1 Kxf8
41. Ra8+ Kg7 42. Kf1 Rc4 43. g3 Nb4 44. Bb6 Nd5 45. Bd8 h6 46. Ke1 Rc3 47. Kf2
Rc2+ 48. Kg1 Rc1+ 49. Kf2 Rc2+ 50. Kf3 Rc3+ 1/2-1/2

[Event "Aeroflot Open A 2017"]
[Site "Moscow RUS"]
[Date "2017.02.27"]
[Round "7.19"]
[White "Lomasov, Semen"]
[Black "Sasikiran, Krishnan"]
[Result "1/2-1/2"]
[WhiteTitle "IM"]
[BlackTitle "GM"]
[WhiteElo "2450"]
[BlackElo "2674"]
[WhiteFideId "24164879"]
[BlackFideId "5004985"]
[EventDate "2017.02.21"]

1. e4 e5 2. Nf3 Nc6 3. Bb5 a6 4. Ba4 Nf6 5. O-O Be7 6. Re1 b5 7. Bb3 O-O 8. a4
b4 9. d4 d6 10. dxe5 dxe5 11. Nbd2 Bc5 12. a5 h6 13. Bc4 Qe7 14. Nb3 Rd8 15. Qe2
Bd6 16. Bd2 Qe8 17. h3 Kh8 18. Rad1 Be6 19. Be3 Bxc4 20. Qxc4 Rab8 21. Ra1 Rb5
22. Red1 Ra8 1/2-1/2

[Event "Aeroflot Open A 2017"]
[Site "Moscow RUS"]
[Date "2017.02.27"]
[Round "7.22"]
[White "Narayanan, Srinath"]
[Black "Alekseev, Evgeny"]
[Result "1/2-1/2"]
[WhiteTitle "IM"]
[BlackTitle "GM"]
[WhiteElo "2474"]
[BlackElo "2632"]
[WhiteFideId "5018420"]
[BlackFideId "4138147"]
[EventDate "2017.02.21"]

1. e4 e5 2. Nf3 Nc6 3. d4 exd4 4. Nxd4 Nf6 5. Nc3 Bb4 6. Nxc6 bxc6 7. Bd3 O-O 8.
O-O d5 9. exd5 cxd5 10. h3 c6 11. Qf3 Re8 12. Bg5 h6 13. Bxf6 Qxf6 14. Qxf6 gxf6
15. Ne2 Rb8 16. Rab1 c5 17. Ng3 c4 18. Bf5 Be6 19. Bg4 Kf8 20. Rfd1 Bd6 21. Nf5
Be5 22. Nd4 Rb6 23. b3 Reb8 24. g3 Ra6 25. Nxe6+ fxe6 26. bxc4 Rxb1 27. Rxb1
dxc4 28. Rb4 Rxa2 29. Rxc4 Ke7 30. Re4 Ra5 31. f4 f5 32. Bxf5 exf5 33. Re3 Rc5
34. fxe5 a5 35. Ra3 Ke6 36. c3 Kxe5 37. Kf2 Kd5 38. Ra4 Ke5 39. Ke2 Rxc3 40.
Rxa5+ Kf6 1/2-1/2

[Event "Aeroflot Open A 2017"]
[Site "Moscow RUS"]
[Date "2017.02.27"]
[Round "7.23"]
[White "Kobalia, Mikhail"]
[Black "Huzman, Alexander"]
[Result "1/2-1/2"]
[WhiteTitle "GM"]
[BlackTitle "GM"]
[WhiteElo "2628"]
[BlackElo "2552"]
[WhiteFideId "4119150"]
[BlackFideId "2803828"]
[EventDate "2017.02.21"]

1. e4 e5 2. Nf3 Nf6 3. Nc3 Bb4 4. Nxe5 O-O 5. Be2 d6 6. Nd3 Bxc3 7. dxc3 Nxe4 8.
O-O Nd7 9. f3 Nec5 10. Nf4 Nb6 11. Re1 Ne6 12. Nd3 Qf6 13. f4 Bd7 14. Bf3 Rae8
15. g3 Bc6 16. Bxc6 bxc6 17. Qg4 g6 18. f5 Ng7 19. Bh6 c5 20. fxg6 Qxg6 21. Qh3
Nd5 22. c4 Nf6 23. Bxg7 Qxg7 24. Qf5 Ng4 25. c3 Qg6 26. Qf3 h5 27. Re2 Ne5 28.
Nxe5 Rxe5 29. Rxe5 dxe5 30. Rd1 h4 31. Qe3 Re8 32. Rd2 Re6 33. Kg2 Qf5 34. Rf2
h3+ 35. Kg1 Qb1+ 36. Rf1 Qxb2 37. Qf3 Qg2+ 38. Qxg2 hxg2 39. Rd1 Ra6 1/2-1/2

[Event "Aeroflot Open A 2017"]
[Site "Moscow RUS"]
[Date "2017.02.27"]
[Round "7.24"]
[White "Buhmann, Rainer"]
[Black "Gordievsky, Dmitry"]
[Result "1/2-1/2"]
[WhiteTitle "GM"]
[BlackTitle "IM"]
[WhiteElo "2625"]
[BlackElo "2564"]
[WhiteFideId "4651340"]
[BlackFideId "24112798"]
[EventDate "2017.02.21"]

1. e4 c5 2. Nf3 e6 3. d4 cxd4 4. Nxd4 Nf6 5. Nc3 d6 6. g4 h6 7. Rg1 Nc6 8. h4 h5
9. gxh5 Nxh5 10. Bg5 Qb6 11. Nb3 a6 12. Qd2 Ne5 13. Be2 Bd7 14. O-O-O Qc7 15. f4
Nc4 16. Bxc4 Qxc4 17. f5 Rc8 18. fxe6 Bxe6 19. Kb1 g6 20. Rgf1 Bg4 21. Rde1 Bg7
22. Qxd6 Qe6 23. e5 Qxd6 24. exd6+ Be6 25. Nd5 Kd7 26. Nb6+ Kxd6 27. Nxc8+ Rxc8
28. Rd1+ Ke5 29. Rfe1+ Kf5 30. Nd4+ Bxd4 31. Rxd4 Rc4 32. Rxc4 Bxc4 33. b3 Bd5
34. c4 Bf3 35. Re7 f6 36. Bd2 Kg4 37. Be1 Nf4 38. Kc2 Ng2 39. Bf2 Nxh4 40. Re6
Kf5 41. Rd6 Be4+ 42. Kc3 Nf3 43. b4 g5 44. a4 g4 45. b5 axb5 46. cxb5 Kg5 47.
Be3+ Kf5 48. Bf2 Kg5 49. Bg3 f5 50. Rd8 Nh4 51. Kd4 Ng6 52. a5 Bf3 53. Rg8 Kf6
54. Ke3 Ne7 55. Bh4+ Kf7 56. Rd8 Nd5+ 57. Kd4 Nf4 58. Rd6 Be4 59. a6 bxa6 60.
bxa6 g3 61. Rd7+ Ke6 62. Re7+ Kd6 63. Rxe4 fxe4 64. a7 Ne6+ 65. Kxe4 Nc7 66.
Bxg3+ Kc6 67. Bxc7 Kb7 1/2-1/2